| 000 | 00000nam##2200000za#4500 |
| 001 | 9.604047 |
| 003 | CaOODSP |
| 005 | 20260128153023 |
| 007 | cr ||||||||||| |
| 008 | 150406|2003||||xxc|||||o f|0| 0 fre|d |
| 022 | |a1488-545X |
| 040 | |aCaOODSP|bfre |
| 043 | |an-cn--- |
| 086 | 1 |aFs97-6/2508F-PDF |
| 110 | 2 |aInstitut Maurice-Lamontagne. |
| 245 | 10|aÉvaluation de la capturabilité du crabe des neiges (Chionoecetes opilio) par le casier japonais / |h[ressource électronique]|c[par] Bernard Sainte-Marie et Christian Turcotte. |
| 260 | |aMont-Joli - Québec : |bPêches et Océans Canada. |cc2003. |
| 300 | |a32p.|bgraphiques, références, tableaux |
| 490 | 1 |aRapport technique canadien des sciences halieutiques et aquatiques|x1488-545X|vN° 2508 |
| 500 | |aLe n° de catalogue (Fs97-6/2508F) et l'ISSN (0706-6570) de l'édition imprimée ont été incorrectement copiés dans cette édition électronique. |
| 546 | |a(Abstract in English) |
| 590 | |a12-23-Supp|b2012-05-28 |
| 720 | 1 |aSainte-Marie, Bernard |
| 720 | 1 |aTurcotte, Christian |
| 775 | 08|tAssessment of snow crab (Chionoecetes opilio) catchability by Japanese trap / |w(CaOODSP)9.574089 |
| 776 | 0#|tÉvaluation de la capturabilité du crabe des neiges (Chionoecetes opilio) par le casier japonais / |w(CaOODSP)9.626586 |
| 830 | #0|aRapport technique canadien des sciences halieutiques et aquatiques,|x1488-545X|vN° 2508|w(CaOODSP)9.500867 |
| 856 | 40|ahttp://publications.gc.ca|qPDF|s240 Ko|uhttps://publications.gc.ca/collections/collection_2012/mpo-dfo/Fs97-6-2508-fra.pdf|yN° 2508 |